00450pam a2200181 i 4500001000800000005001700008008004100025010001700066020001500083040001800098041000800116080001500124082001500139100000700154101000800161245004800169504005100217275417320180116034000.0790716s1980 maua b 001 0 eng  a 79018147  a0870738909 aDLCcDLCdDLC aeng a301.32 BOL00a301.32 BOL1 a50 aSOC10aGarden or wilderness? :cby Douglas Bolton. aIncludes bibliographical references and index.